| 000 | 00516nam a22001457a 4500 | ||
|---|---|---|---|
| 003 | MACL | ||
| 005 | 20200108161949.0 | ||
| 008 | 200108b xxu||||| |||| 00| 0 eng d | ||
| 040 | _cMACL | ||
| 100 |
_aराम माधव _977718 |
||
| 245 | _aअसहज पड़ोसी : युद्ध के 50 वर्षो बाद भारत और चीन | ||
| 260 |
_aदिल्ली _bप्रभात प्रकाशन _c2015 |
||
| 650 |
_aराजनैतिक _977719 |
||
| 942 |
_2ddc _cHIN |
||
| 999 |
_c61712 _d61712 |
||